000 00816nam a2200241 i 4500
001 bg
003 BPK
005 20210803093630.0
008 981103s1985 pl |000 0 pol
015 _aPB 1986/4475
020 _a830000968X
040 _aWA N
_cBPK
080 _a02
100 1 _aKołodziejska, Jadwiga
_d(1928- ).
245 1 0 _aMiędzy teorią a praktyką bibliotekarską /
_cJadwiga Kołodziejska.
260 _aWarszawa :
_bStowarzyszenie Bibliotekarzy Polskich :
_bWydaw. Spółdzielcze,
_c1985.
300 _a135, [1] s. ;
_c21 cm.
504 _aBibliogr. s. 134-135.
650 4 _aBibliotekarstwo
_xorganizacja.
650 4 _aBibliotekoznawstwo
942 _2UKD
_cKS
856 _uhttp://koha.tu.koszalin.pl/cgi-bin/koha/opac-detail.pl?biblionumber=23164
_yKatalog online BPK
999 _c23164
_d23164